000 00467nam a2200193Ia 4500
003 0100
008 130303s9999 xx 000 0 und d
040 _cARRUPELIB
050 _aB765.T54G314 1956
100 _aGardeil, H. D
245 _aIntroduction to the Philosophy of St. Thomas Aquinas
260 _aSt. Louis
260 _bB. Herder Book Company
260 _C1956
300 _avii
300 _b 303p. 21cm.
650 _aPHILOSOPHY
942 0 0 _02
999 _c51212
_d51212